1555 1499 1048 1113 1870 1516 1346 1898 1056 1134 1903 1426 1480 1815 1140 1221 1530 1853 1970 1866 1673 1482 1260 1231 1663 1970 1994 1854 1109 1581 1823 1945 1522 1932 1763 1329 1178 1455 1190 1756 1051 1418 1120 1519 1940 1479 1902 1116 1222 1914 1845 1420 1053 1463 1561 1098 1944 1657 1789 1294 1275 1491 1198 1599 1655 1405 1755 1524 1701 1053 1205 1873 1668 1214 1705 1184 1283 1155 1283 1902 1267 1438 1133 1831 1948 1094 1035 1302 1497 1160 1024 1181 1020 1789 1091 1240 1999 1380 1640 BCNSPRNW ULIB Ver.6.0+V

เปลี่ยนเป็นภาษาไทย

Change to English
 แสดงรายละเอียดบรรณานุกรม
  กลับหน้าหลัก

Brief Record : Get Marc (ISO 2709) : E-mail record : QR code < ปิดหน้าต่าง
LEADER : 00000nam 2200000uu 4500
001    13399115008
003     ULIB
008    120629s2541||||th 000 0 tha d
020    9789742307332
090    นว.^bก713ป
100 0  กฤษณา อโศกสิน
245 00 ประตูที่ปิดตาย
250    พิมพ์ครั้งที่ 5
260    กรุงเทพฯ:^bประพันธ์สาส์น,^c2541
945    ^p95^l0^i014090
999 ^a ใช้งานได้ทุกระบบ
รายการนี้ยังไม่มีแท็ก
คุณยังไม่ได้ล็อกอิน คุณสามารถมีกิจกรรมร่วมกับเว็บไซต์ได้ แต่ต้องล็อกอินก่อน ::
  ล็อกอิน

รายการสื่อสารสนเทศ

ลำดับที่ ประเภท เลขเรียก/บาร์โค้ด สถานที่ สถานะ
1. นวนิยาย
นวนิยาย
นว. ก713ป  
  Barcode: 014090
ห้องสมุดวิทยาเขตสวรรค์ประชารักษ์
►นวนิยาย
บนชั้น
  ขอยืม

รายการใกล้เคียง
    ผู้แต่ง [กฤษณา อโศกสิน]

BibComment


ยังไม่เคยถูกคอมเมนท์

คอมเมนท์ทรัพยากรรายการนี้
  คอมเมนท์: ประตูที่ปิดตาย


 Copyright 2026. Bcnsprnw @Library